| 000 | 01146cam a22001934a 4500 | ||
|---|---|---|---|
| 005 | 20250605164103.0 | ||
| 008 | 250528s ||||||||||||||||||||||||d | ||
| 035 | _a17633 | ||
| 020 | _a9789605610654 | ||
| 040 |
_aGR-AtMCL _bgre _dGR-AtMCL _eAACR2 |
||
| 245 | 1 | _aΜυκήνες / Ιστορικά Μνημεία της Ελλάδας: Αρχαία Ελλάδα | |
| 260 |
_bΣελένα Εκδοτική Α. Ε, _c2013 |
||
| 300 | _a72 | ||
| 520 | _aΟι Μυκήνες από το 1999 συμπερίληφθηκαν στον κατάλογο των Μνημείων Παγκόσμιας Πολιτιστικής Κληρονομιάς της UNESCO. National Geographic. Εισαγωγικό Σημείωμα, Μυκήνες: Από τη Μυθολογία στην Προϊστορία, Μυκηναϊκός Πολιτισμός, Ιστορικό των Ανασκαφικών Ερευνών, Ερρίκος Σλίμαν, Ιστορικοί Χρόνοι, Το Μουσείο των Μυκηνών, Βιβλιογραφία. | ||
| 700 | 1 |
_aΚοπελιάδης Γιώργος _93825 |
|
| 942 | _cBK | ||
| 999 |
_c3035 _d3035 |
||